Steden van Zuid-Holland - Statistics

General Stats
  • This quiz has been taken 48 times
  • The average score is 9 of 20
Answers on the Map
Answers color-coded by a green-red scale on the quiz's map according to % correct below.
 
Answer Stats
answer % Correct
Den Haag | 's Gravenhage | La Haye | The Hague | der Haag
98%
Rotterdam
98%
Leiden | Leyde
91%
Delft
78%
Dordrecht | Dort
74%
Gouda
74%
Schiedam
63%
Vlaardingen | Flardingue
59%
Maassluis
52%
Gorinchem
41%
Brielle
30%
's Gravenzande
28%
Schoonhoven
20%
Delfshaven
15%
Haastrecht
15%
Geervliet
11%
Goedereede
11%
Heenvliet
11%
Ammerstol
9%
Nieuwpoort
7%
No matching quizzes found
Score Distribution
Percent of People with Each Score
Percentile by Number Answered
Your Score History
You have not taken this quiz